000 00507nam a22001697a 4500
003 0
005 20230620090138.0
008 230619b xxu||||| |||| 00| 0 eng d
020 _a978-971-9900-28-3
082 _aFil. 179.7
_b.Ma468 2012
245 _aFollowing rules = Pagsunod sa mga alintuntunin
_cMayer, Cassie
260 _aQuezon City
_bC&E Publishing, Inc.
_cC2012
300 _a26pp.
_bcol. ill.
_c19cm.
500 _aObedience.
500 _aObedience-Juvenile literature.
942 _2ddc
_cBK
999 _c365028
_d365028